Statistieken voor Indonesië Trivia Quiz

Klik hier om de quiz te nemen!

Algemene statistieken

  • Deze quiz is 664 keer genomen
  • De gemiddelde score is 13 van 24

Antwoordstatistieken

HintAntwoord% Correct
HoofdstadJakarta
96%
87,2% van de Indonesiërs behoort tot deze religieIslam
82%
Landen die grenzen met IndonesiëMaleisië
82%
Land dat Indonesië koloniseerdeNederland
81%
Grootste eilandenJava
80%
Meest bekende resort-eilandBali
76%
Indonesië leed in 2004 130.000 doden door dit type rampTsunami
76%
Landen die grenzen met IndonesiëPapoea-Nieuw-Guinea
74%
Landen die grenzen met IndonesiëOost-Timor
72%
Nationaal dier{Komodo}varaan
64%
Grootste eilandenBorneo
62%
Grootste eilandenSumatra
60%
Indonesië heeft de grootste populatie van deze grote aapOrang-oetan
49%
Grootste eilandenSulawesi
45%
De eerste twee presidenten van Indonesië (noem een van de twee)Soekarno | Soeharto
40%
Grootste eilandenNieuw-Guinea
37%
Beroemde export uit de 17e en 18e eeuwSpecerijen
37%
Bijnaam van de stad hierboven (hint: stinkend fruit)De Grote {Durian}
36%
Rafflesia arnoldii is 's werelds grootste en mogelijk slechtst ruikende ...Bloem
35%
Grote vulkaanuitbarstingen van de 19e eeuw (een van de twee)Krakatau | Tambora
31%
Hoofdstad van het eiland hierbovenDenpasar
30%
Valuta van IndonesiëRoepia
30%
Borobudur is 's werelds grootste hiervan{Boeddhistische} Tempel
25%
Supervulkaan die 74.000 jaar geleden uitbarstte, waardoor de mensheid bijna uitstierf{Toba}meer
16%

Scoreverdeling

Percentiel versus Aantal Correcte Antwoorden

Procent van Mensen met Elke Score

Uw Scoregeschiedenis

U heeft deze quiz nog niet genomen